000 00483nam a2200145 a 4500
001 000004123
005 20210819112332.0
008 090717s1982 dr a 001 0 spa d
040 _aDO-SdBNP
_bspa
_cBNPHU
100 _aSantana Marcano, Miguel Ángel,
_d1967-
_948937
245 1 0 _aCatecismo católico para militares y policías dominicanos /
_cMiguel Ángel Santana Marcano.
260 _aSanto Domingo :
_bTele-3,
_c1982.
300 _a88 p. :
_bil ;
_c13 cm.
500 _aIncluye índice
999 _c3939
_d3939